Unusual Rail Transit - Statistics

General Stats
  • This quiz has been taken 14 times
  • The average score is 29 of 37
Answer Stats
System Name City Opened Yearly Ridership % Correct
CapMetro Austin 2010 562,600
100%
DART Dallas 1996 22,237,000
100%
RTD Denver 1994 11,161,000
100%
PeopleMover Detroit 1987 1,075,000
100%
QLine Detroit 2017 959,000
100%
RideKC Kansas City 2016 1,856,000
100%
METRO Minneapolis 2004 15,489,000
100%
Valley Metro Phoenix 2008 11,100,000
100%
MAX Portland 1986 24,000,000
100%
--- Streetcar Portland 2001 2,600,000
100%
SacRT Sacramento 1987 6,580,000
100%
SD Trolley San Diego 1981 41,069,000
100%
---- Cable Car San Francisco 1878 5,719,000
100%
VTA Light Rail San Jose 1987 4,914,000
100%
Link Seattle 2003 30,000,000
100%
SC Monorail Seattle 1962 2,134,000
100%
NFTA Metro Buffalo 1984 2,228,000
91%
METROrail Houston 2004 13,456,000
91%
Skyway Jacksonville 1989 305,000
91%
MetroLink St Louis 1993 7,135,000
91%
--- Light Rail Pittsburgh 1984 3,236,100
82%
Sun Link Tucson 2014 1,676,000
82%
DowntownLoop Atlanta 2014 342,700
73%
Light Rail Link Baltimore 1992 5,015,000
73%
Connector Cincinnati 2016 1,108,000
73%
RTA Cleveland 1980 808,000
73%
TRAX Salt Lake City 1999 13,965,000
73%
LYNX Charlotte 2007 6,958,000
64%
------- Trolley New Orleans 1835 3,535,000
64%
------- Streetcar Oklahoma City 2018 224,305
64%
The Hop Milwaukee 2018 532,000
55%
The Tide Norfolk 2011 853,000
55%
NLR Newark 1935 5,431,000
45%
The PRT Morgantown 1975 2,300,000
36%
ValleyStreetcar Tempe 2022 793,600
27%
MetroStreetcar Little Rock 2004 22,600
18%
TECOStreetcar Tampa Bay 2002 1,095,000
9%
No matching quizzes found
Score Distribution
Percent of People with Each Score
Percentile by Number Answered
Your Score History
You have not taken this quiz